Οι εργάτες της θάλασσας
Αποθηκεύτηκε σε:
| Κύριος συγγραφέας: | |
|---|---|
| Άλλοι συγγραφείς: | |
| Μορφή: | Βιβλίο |
| Γλώσσα: | Greek French |
| Δημοσίευση: |
Αθήνα :
Δαρεμάς,
1963.
|
| Θέματα: | |
| Ετικέτες: |
Προσθήκη ετικέτας
Δεν υπάρχουν, Καταχωρήστε ετικέτα πρώτοι!
|
MARC
| LEADER | 00000nam a2200000 a 4500 | ||
|---|---|---|---|
| 001 | 1/127231 | ||
| 008 | 230908s1963####gr | ||| |||| ||gre|| | ||
| 040 | |a GR-MyUa |b gre |c GR-MyUa |e AACR2 | ||
| 041 | 1 | |a gre |h fre | |
| 082 | 7 | |a 843 |2 (23) | |
| 100 | 1 | |a Hugo, Victor, |d 1802-1885. | |
| 245 | 1 | 3 | |a Οι εργάτες της θάλασσας / |c Β. Ουγκώ ; μετάφραση: Β. Λιάσκας. |
| 260 | |a Αθήνα : |b Δαρεμάς, |c 1963. | ||
| 300 | |a 367 σ. ; |c 24 εκ. | ||
| 500 | |a Τίτλος πρωτοτύπου: Les travailleurs de la mer | ||
| 650 | 0 | |a French fiction | |
| 700 | 1 | |a Λιάσκας, Βασίλης, |d 1913- |e trl | |
| 765 | 0 | 8 | |i Μετάφραση του: |t Les travailleurs de la mer / |
| 852 | |a INST |b RHODES |e 20230908 |h 843 HUG |p 005400043766 |q 005400043766 |t BK |y 0 | ||
| 970 | |z 08-09-2023 | ||